000 01411nam a2200265 i 4500
003 DO-SdBNP
005 20250415114951.0
007 ta
008 250415b2024 dr ||||| |||| 00| 0 spa d
020 _a9789945654783
040 _aDO-SdBNP
_bspa
_cBNPHU
_erda
041 _aspa
082 4 _axxx
_bB142L
_222
100 1 _aBáez, Frank,
_eautor
_4aut.
_935989
245 1 3 _aLo que trajo el mar /
_cFrank Báez.
264 _aSanto Domingo, República Dominicana :
_bEditorial Santuario,
_c2024.
300 _a203 páginas ;
_c23 cm.
336 _atexto
_btxt
_2rdacontent
337 _asin mediación
_bn
_2rdamedia
338 _avolumen
_bnc
_2rdacarrier
505 _aKarate Kid 11 – Viviendo en la luna 21 -- Derretidos 37 – Con cariño Carmen 49 -- II --Lo que trajo el mar 61 -- Playa 77 -- Dólares de arena: del libro a Netflix 81 -- III -- Bob Dylan en el Auditorium Theater 65 -- Un libro de Dylan Thomas y yo 73 – Dólares de arena 87 -- III -- Los caribeños no conocemos el Caribe 99 -- No fui yo 107 -- Un milagro en Bogotá 121 -- Una ciudad llamada Trujillo 129 – Una breve y beneficiosa incursión en Alemania 139 -- IV --César Aria 151 –Homero Pumorol 157 -- Me volviste loco, Wilfredo 163 -- Abelito muere -- 171 Mi papa y la isla del tesoro 181 -- Una casa para Tony Capellán 187-- Agradecimientos 203
590 _aInventariado, 2025 /LP
910 _aLP
942 _2ddc
_cLBS1
999 _c58194
_d58194